Normal view
MARC view
Entry Personal Name
001 - CONTROL NUMBER
- control field: 26955
003 - CONTROL NUMBER IDENTIFIER
- control field: ARRUPE
005 - DATE AND TIME OF LATEST TRANSACTION
- control field: 20161025094558.0
008 - FIXED-LENGTH DATA ELEMENTS
- fixed length control field: 161025|| aca||aabn | a|a d
040 ## - CATALOGING SOURCE
- Original cataloging agency: ARRUPE
- Transcribing agency: ARRUPE
100 ## - HEADING--PERSONAL NAME
- Personal name: Jenkins, Robin,
- Dates associated with a name: 1942-
670 ## - SOURCE DATA FOUND
- Source citation: Work cat.: (ARRUPE)0: Jenkins, Robin, 1942-, The road to Alto :, 1979.